| 000 | 01500 a2200217 4500 | ||
|---|---|---|---|
| 001 | 22097 | ||
| 005 | 20260407155509.0 | ||
| 008 | 260407a1996 arg spa d | ||
| 003 | AR-UNSa-BCEJYS | ||
| 040 |
_aAR-UNSa-BCEJYS _bspa _cAR-UNSa-BCEJYS |
||
| 080 |
_a657.41 _xContabilidad Financiera |
||
| 245 | 1 | 0 | _aEl marco conceptual de la información financiera (IASC) |
| 020 | _a84-89328-54-4 | ||
| 264 | 1 |
_aMadrid : _bInstituto de Auditores - Censores Jurados de Cuentas de España _c1996 |
|
| 300 |
_a295 p. _c24 cm. |
||
| 505 | _a1. Introducción - 2. Características y actividades del IASC - 3. El soporte teórico de la regulación contable.Antecedentes del marco conceptual - 4. Contenido y utilidad del marco conceptual - 5. Características generales del marco conceptual del IASC - 6. Los elementos externos al sistema contable - 7. Objetivos de los estados financieros - 8. Hipótesis fundamentales - 9. Características cualitativas - 10. Elementos de los estados financieros - 11. Reconocimiento de los elementos de los estados financieros - 12. Medida de los elementos de los estados financieros - 13. Conceptos de capital y su mantenimiento - 14. Esquemas de recapitulación - 15. Normas internacionales de contabilidad emitidas por el IASC - 16. Test de autoevaluación. | ||
| 942 | _cBK | ||
| 590 | _aniveau_biblio:m niveau_hierar:0 | ||
| 100 | 1 | _aTua Pereda, Jorge | |
| 856 | 4 | 1 |
_uhttps://biblioeco.unsa.edu.ar/pmb/images/libros/Escuela de Auditoria.jpg _yImagen de portada _qimage/jpeg |
| 999 |
_c896 _d896 |
||